000 00318nam a2200133Ia 4500
008 220204s9999 xx 000 0 und d
082 _a629.113
_bNAR
100 _aNarang, G B S
245 0 _aAutomobile engineering
250 _a2
260 _aDelhi
_bKhanna
_c1979
650 _aAutomobile engineering
942 _cBK
999 _c31201
_d31201